Top 25 Highest-Grossing Video Game Movies Quiz Stats

 Plays Quiz not verified by Sporcle

Support Sporcle.
Go Orange.
Score 0/25 Timer 10:00
0 Plays Today
% Correct
The Angry Birds Movie 2
91.4%
Pokémon: The Movie 2000
87.2%
Sonic the Hedgehog
84.8%
The Angry Birds Movie
83.9%
Pokémon: The First Movie - Mewtwo Strikes Back
79.4%
Pokémon Detective Pikachu
79.1%
Hitman
72.1%
Street Fighter
68.6%
Tomb Raider
64.9%
Assassin's Creed
64.6%
Resident Evil: Afterlife
56.6%
Warcraft: The Beginning
56.2%
Mortal Kombat: Annihilation
56.1%
% Correct
Resident Evil: Retribution
53.2%
Rampage
50.8%
Resident Evil
47.8%
Lara Croft Tomb Raider: The Cradle of Life
45.3%
Resident Evil: Extinction
41.2%
Resident Evil: Apocalypse
37.8%
Need for Speed
37.3%
Mortal Kombat
33.3%
Prince of Persia: The Sands of Time
33.3%
Lara Croft: Tomb Raider
31.2%
Max Payne
12.6%
Silent Hill
12%

You're not logged in!

Compare scores with friends on all Sporcle quizzes.
OR
Log In

From the Vault

Word Diamonds IV

by Purple_Parrot

Shine bright like a diamond.
Remove Ads.
Support Sporcle.
Get the best of Sporcle when you Go Orange. This ad-free experience offers more features, more stats, and more fun while also helping to support Sporcle. Thank you for becoming a member.

Show Comments

Extras

Top Quizzes Today


Score Distribution

Your Account Isn't Verified!

In order to create a playlist on Sporcle, you need to verify the email address you used during registration. Go to your Sporcle Settings to finish the process.

Report this User

Report this user for behavior that violates our Community Guidelines.

Details: